Statistiques concernant Culture Générale - Série 567

Cliquez ici pour prendre le quiz!

Statistiques générales

  • Ce quiz a été pris 174 fois
  • Le résultat moyen est 6 sur 10

Statistiques - réponses

QuestionRéponse% Correct
Par définition, aux courses de quels animaux peut-on assister dans un cynodrome ?chiens
90%
Généralement, sur quelle partie du corps porte-t-on un fez ?tête
85%
Quel compagnon de Tintin est, de son propre aveu, "un peu dur d'oreille" ?Tournesol
84%
En météorologie, quel instrument sert à mesurer la pression atmosphérique ?baromètre
82%
Dans la main de quel monstre de cinéma Jessica Lange s'est-elle retrouvée en 1976 ?King Kong
80%
Par définition, de quoi se nourrit un insecte xylophage ?bois
64%
A quel pays les îles Eoliennes appartiennent-elles ?Italie
48%
En grammaire, quelle est la fonction de l'adjectif qualificatif "jolie" dans l'expression "jolie môme" ?Epithète
45%
Dans quel pays le groupe "Martin Circus" s'est-il éclaté en 1971, selon le titre de la chanson ?Sénégal
32%
A partir des lettres du verbe "DEDAIGNIER", trouvez les prénom et nom d'un écrivain français né en 1869 ?André Gide
27%

Distribution des résultats

Percentile par nombre de réponses

% des personnes avec chaque résultat

Votre développement - résultats

Vous n’avez pas pris ce quiz